<?xml version="1.0" encoding="UTF-8"?>
<record
    xmlns:xsi="http://www.w3.org/2001/XMLSchema-instance"
    xsi:schemaLocation="http://www.loc.gov/MARC21/slim http://www.loc.gov/standards/marcxml/schema/MARC21slim.xsd"
    xmlns="http://www.loc.gov/MARC21/slim">

  <leader>01114nam a2200241Ia 4500</leader>
  <controlfield tag="008">250331t2002||||xx |||||||||||||| ||spa||</controlfield>
  <datafield tag="040" ind1=" " ind2=" ">
    <subfield code="a">gtgcusco</subfield>
    <subfield code="b">spa</subfield>
    <subfield code="c">gtgcusco</subfield>
    <subfield code="d">gtgcusco</subfield>
  </datafield>
  <datafield tag="041" ind1=" " ind2=" ">
    <subfield code="a">spa</subfield>
  </datafield>
  <datafield tag="084" ind1=" " ind2=" ">
    <subfield code="a">T1968</subfield>
  </datafield>
  <datafield tag="100" ind1=" " ind2=" ">
    <subfield code="a">Casta&#xF1;eda L&#xF3;pez, Mario Enrique</subfield>
    <subfield code="9">11776</subfield>
  </datafield>
  <datafield tag="245" ind1=" " ind2="0">
    <subfield code="a">Estado de salud bucal y necesidades de tratamiento dental y su relaci&#xF3;n con riesgo cariog&#xE9;nico en escolares de 8 a 12 a&#xF1;os en los municipios de Santo Domingo Xenacoj, Pastores, San Miguel Due&#xF1;as y Santa Luc&#xED;a Milpas Altas en el departamento de Sacatep&#xE9;quez.</subfield>
  </datafield>
  <datafield tag="260" ind1=" " ind2=" ">
    <subfield code="a">Guatemala :</subfield>
    <subfield code="b">USAC ;</subfield>
    <subfield code="c">2002</subfield>
  </datafield>
  <datafield tag="300" ind1=" " ind2=" ">
    <subfield code="a">126 p. :</subfield>
    <subfield code="b">il ;</subfield>
    <subfield code="c">28 cm.</subfield>
  </datafield>
  <datafield tag="336" ind1=" " ind2=" ">
    <subfield code="a">texto</subfield>
    <subfield code="b">txt</subfield>
    <subfield code="2">rdacontenido</subfield>
  </datafield>
  <datafield tag="337" ind1=" " ind2=" ">
    <subfield code="a">Sin mediaci&#xF3;n</subfield>
    <subfield code="b">n</subfield>
    <subfield code="2">rdamedio</subfield>
  </datafield>
  <datafield tag="338" ind1=" " ind2=" ">
    <subfield code="a">volumen</subfield>
    <subfield code="b">nc</subfield>
    <subfield code="2">rdasoporte</subfield>
  </datafield>
  <datafield tag="502" ind1=" " ind2=" ">
    <subfield code="a">Tesis (Cirujano Dentista) -- Universidad de San Carlos de Guatemala, Facultad de Odontolog&#xED;a</subfield>
  </datafield>
  <datafield tag="650" ind1=" " ind2=" ">
    <subfield code="a">Caries dental</subfield>
    <subfield code="9">1280</subfield>
  </datafield>
  <datafield tag="650" ind1=" " ind2=" ">
    <subfield code="a">Diagn&#xF3;stico bucal</subfield>
    <subfield code="9">2621</subfield>
  </datafield>
  <datafield tag="700" ind1=" " ind2=" ">
    <subfield code="a">S&#xE1;nchez Rodas, Edgar Abelardo</subfield>
    <subfield code="e">asesor</subfield>
  </datafield>
  <datafield tag="700" ind1=" " ind2=" ">
    <subfield code="a">Villagr&#xE1;n Col&#xF3;n, V&#xED;ctor Ernesto</subfield>
    <subfield code="e">asesor</subfield>
    <subfield code="9">10848</subfield>
  </datafield>
  <datafield tag="942" ind1=" " ind2=" ">
    <subfield code="a">Biblioteca Facultad de Odontolog&#xED;a</subfield>
    <subfield code="c">TESIS</subfield>
    <subfield code="k">T1968</subfield>
  </datafield>
  <datafield tag="999" ind1=" " ind2=" ">
    <subfield code="c">4703</subfield>
    <subfield code="d">4703</subfield>
  </datafield>
  <datafield tag="952" ind1=" " ind2=" ">
    <subfield code="0">0</subfield>
    <subfield code="1">0</subfield>
    <subfield code="4">0</subfield>
    <subfield code="7">0</subfield>
    <subfield code="a">ODONTO</subfield>
    <subfield code="b">ODONTO</subfield>
    <subfield code="c">Tesis</subfield>
    <subfield code="d">2025-03-31</subfield>
    <subfield code="i">10-H-s.n.</subfield>
    <subfield code="l">0</subfield>
    <subfield code="o">T1968</subfield>
    <subfield code="p">T00003999</subfield>
    <subfield code="r">2025-03-31 11:46:57</subfield>
    <subfield code="w">2025-03-31</subfield>
    <subfield code="y">TESIS</subfield>
  </datafield>
</record>
